Design Elements - Statistics

General Stats
  • This quiz has been taken 7 times
  • The average score is 3 of 8
Answer Stats
Answer % Correct
Shape
100%
Form
60%
Texture
60%
Colour
40%
Line
40%
Point
20%
Tone
0%
Type
0%
No matching quizzes found
Score Distribution
Percent of People with Each Score
Percentile by Number Answered
Your Score History
You have not taken this quiz